000 00674nam a2200193Ia 4500
003 GCL
008 140319s9999 xx 000 0 ara d
040 _aGCL /
_cGCL
082 0 4 _a927.42
_bا م
100 1 _aانور المشرى (مترجم)
245 1 0 _aمذكرات مخرج سينمائى (هدية من الاديب عبدالفتاح الجمل) /
_cانور المشرى (مترجم)
700 1 _aكامل يوسف
700 1 _aايزنشتاين، سيرجى
300 _a370 ص
490 _aالهيئة العامة للاستعلامات
_v0
650 0 4 _aالفنانون - تراجم
650 0 4 _aايزنشتاين, سيرجى
942 _2ddc
_cBK
999 _c47333
_d47333